000 00471nam a2200169 i 4500
001 92537
003 ES-MaACL
005 20230906181008.0
007 t|
008 050310s1969 sp ||||1| spa d
100 1 _aLion Depetre, José (
_d1893-1976)
_972487
245 1 0 _aYo, leproso
_b: novela /
_cJosé Lion Depetre.
260 _aMadrid :
_b[Ornigraf.],
_c1969.
300 _a153 p. ;
_c21 cm.
852 _aES-MaACL
_jC-39721
_bR.73670
852 _aES-MaACL
_jE-10367
999 _c92537
_d92537